00561nam a2200133Ia 45000010005000000080041000050820027000461000109000732450171001822600024003535900007003779010028003849990015004121430241024s9999 xx 000 0 und d aRD/616.9792/R426p/2008 aRepública Dominicana. Consejo Presidencial del SIDA (COPRESIDA). Secretaría de Estado de Educación 0aPrograma Respuesta Nacional frente al VIH/(SIDA. Acuerdo pra el logro de los resultados esperados del objetivo principal del programa respuesta nacional frente al VIH bSanto Domingoc2008 asi a15/4/2011 11:51:36 a.m. c8067d8067